| 000 | 00528nam a2200193Ia 4500 | ||
|---|---|---|---|
| 005 | 20250423101412.0 | ||
| 008 | 250422s9999 xx 000 0 und d | ||
| 020 | _a978-0-582-40525-7 | ||
| 050 | _aDS 38.5 .K38/ | ||
| 100 | _aKennedy, Hugh (Hugh N.) | ||
| 245 | 4 | _aThe prophet and the age of the caliphates : the Islamic Near East from the sixth to the eleventh century | |
| 250 | _a2nd ed. | ||
| 260 | _aLondon ; New York | ||
| 260 | _bLongman | ||
| 260 | _c2004 | ||
| 300 | _a419 p | ||
| 650 | _aIslam | ||
| 942 | _cBK | ||
| 999 |
_c36204 _d36204 |
||